Vonkajšie a vnútorné prostredie malých a stredných podnikov na Slovensku

Komplexná analýza podnikateľského prostredia malých a stredných podnikov na Slovensku. Výskumom zistené a podnikateľmi označené faktory ovplyvňujúce vonkajšie a vnútorné prostredie MSP. Vonkajšie faktory priaznivo ovplyvňujúce podnikateľské prostredie MSP. Vonkajšie faktory brzdiace podnikateľské pr...

ver descrição completa

Na minha lista:
Detalhes bibliográficos
Autor principal: Kovaľov, Andrej
Outros Autores: Iriqat, Raed
Formato: Capítulo de Livro
Idioma:eslovaco
Assuntos:
Tags: Adicionar Tag
Sem tags, seja o primeiro a adicionar uma tag!

MARC

LEADER 00000nla$a2200000$$$4500
001 0076262
005 20240502071907.2
041 0 |a slo 
044 |a SK 
245 1 0 |a Vonkajšie a vnútorné prostredie malých a stredných podnikov na Slovensku  |c Andrej Kovaľov, Raed Iriqat 
520 |a Komplexná analýza podnikateľského prostredia malých a stredných podnikov na Slovensku. Výskumom zistené a podnikateľmi označené faktory ovplyvňujúce vonkajšie a vnútorné prostredie MSP. Vonkajšie faktory priaznivo ovplyvňujúce podnikateľské prostredie MSP. Vonkajšie faktory brzdiace podnikateľské prostredie MSP. Vnútorné faktory prispievajúce k podnikaniu a vnútorné faktory, ktoré brzdia podnikanie MSP. 
610 2 0 |a podnikanie 
610 2 0 |a prostredie podnikateľské 
610 2 0 |a podnik malý 
610 2 0 |a podnik stredný 
610 2 0 |a legislatíva 
610 2 0 |a stratégia podnikateľská 
610 2 0 |a financie 
610 2 0 |a byrokracia 
610 2 0 |a trh 
610 2 0 |a náklady 
100 1 |a Kovaľov, Andrej 
700 1 |a Iriqat, Raed